Statistiques concernant Films en images - A

Cliquez ici pour prendre le quiz!

Statistiques générales

  • Ce quiz a été pris 111 fois
  • Le résultat moyen est 8 sur 16

Statistiques - réponses

Réponse% Correct
Avatar
100%
Astérix et Obélix : Mission Cléopâtre
96%
Avengers
96%
The Artist
71%
Alibi.com
63%
American Pie
61%
Anatomie d'une Chute
56%
American Nightmare
48%
L'Ascension
44%
American History X
37%
Arrête-moi si tu peux
37%
A Couteaux Tirés
36%
Apocalypse Now
26%
Avant toi
25%
L'Accusé
5%
Alabama Monroe
4%

Distribution des résultats

Percentile par nombre de réponses

% des personnes avec chaque résultat

Votre développement - résultats

Vous n’avez pas pris ce quiz